000 00668nam a2200265Ia 4500
005 20260121172533.0
008 008 260114s9999 xx 000 0 eng d
020 _a9783030770914
037 _aEBOOK
040 _aCRL
040 _beng
040 _cCRL
041 _2eng
041 _aeng
084 _qCRL
100 _aMatteo Baldoni, Stefania Bandini
_91089656
245 0 _aAIxIA 2020 – Advances in Artificial Intelligence
260 _bSpringer
260 _bSpringer
260 _c2021
856 _uhttps://link.springer.com/openurl?genre=book&isbn=978-3-030-77091-4
942 _cEBOOK
999 _c1655395
_d1655395